Les jeux EA les plus achetés sur Steam - Statistiques

Statistiques générales
  • Ce quiz a été pris 55 fois
  • Le résultat moyen est 3 sur 40
Statistiques - réponses
# Jeu Année de sortie % Correct
23 FIFA 22 2021
81%
7 EA SPORTS FIFA 23 2022
79%
22 EA SPORTS FC 24 2023
32%
8 Les Sims 4 2014
26%
14 Les Sims 3 2009
21%
28 Battlefield 3 2011
17%
1 Apex Legends 2019
15%
9 Battlefield V 2018
15%
24 Battlefield 1 2016
13%
2 Battlefield 2042 2021
11%
21 Need for Speed Heat 2019
6%
18 STAR WARS Jedi: Fallen Order 2019
6%
12 Battlefield: Bad Company 2 2010
4%
31 F1 2021 2021
4%
26 Crysis 2007
2%
11 Dead Space 2008
2%
3 It Takes Two 2021
2%
29 Mass Effect 2007
2%
25 Mass Effect 2 2010
2%
17 Mirror's Edge 2009
2%
4 Plants vs. Zombies 2009
2%
5 Titanfall 2 2016
2%
20 Alice : Retour au pays de la folie 2011
0%
19 A Way Out 2018
0%
30 Burnout Paradise 2008
0%
38 Command & Conquer Remastered Collection 2020
0%
33 Command and Conquer 3 : Les Guerres du Tiberium 2007
0%
37 Command and Conquer : Alerte rouge 3 2008
0%
34 Crysis Warhead 2008
0%
10 Dead Space 2 2010
0%
15 DiRT Rally 2015
0%
35 DiRT Rally 2.0 2019
0%
27 Dragon Age: Origins 2009
0%
39 Les Royaumes d'Amalur : Reckoning 1989
0%
32 Mass Effect : Édition Légendaire 2021
0%
13 Need For Speed: Hot Pursuit 2010
0%
40 Overlord II 2009
0%
36 Project CARS 2015
0%
16 SPORE 2008
0%
6 STAR WARS: The Old Republic 2011
0%
Aucun quiz correspondant
Distribution des résultats
% des personnes avec chaque résultat
Percentile par nombre de réponses
Votre historique - résultats
Vous n’avez pas pris ce quiz